Survey of electronics / (Record no. 181336)
[ view plain ]
| 000 -LEADER | |
|---|---|
| fixed length control field | 00862 a2200169 4500 |
| 003 - CONTROL NUMBER IDENTIFIER | |
| control field | Nust |
| 005 - DATE AND TIME OF LATEST TRANSACTION | |
| control field | 20221117131711.0 |
| 040 ## - CATALOGING SOURCE | |
| Transcribing agency | Nust |
| 082 ## - DEWEY DECIMAL CLASSIFICATION NUMBER | |
| Classification number | 621.38,HER |
| 100 ## - MAIN ENTRY--PERSONAL NAME | |
| Personal name | Herrick Clyde N. |
| 9 (RLIN) | 78108 |
| 245 ## - TITLE STATEMENT | |
| Title | Survey of electronics / |
| Statement of responsibility, etc. | Clyde N. Herrick |
| 260 ## - PUBLICATION, DISTRIBUTION, ETC. | |
| Place of publication, distribution, etc. | Macmillan |
| Name of publisher, distributor, etc. | New York, |
| Date of publication, distribution, etc. | 1973 |
| 300 ## - PHYSICAL DESCRIPTION | |
| Extent | ix, 226 p. |
| Other physical details | illus |
| Dimensions | 26 cm |
| 505 ## - FORMATTED CONTENTS NOTE | |
| Formatted contents note | History of Electronics (Page-1),The Scientific Method (Page-39), Electronics and the Physical Science (Page-53), Outer Space and the Moon Landings (Page-69), Medical Electronics (Page-96), Usefulness of Mathematics in Electronics (Page-116), Economics Aspects of Electronics (Page-129), Electron Computers (Page-146), Applied Electronics in Crime Prevention and Law Enforcement (Page-159), Military Uses of Electronic Equipment (Page-179). |
| 650 ## - SUBJECT ADDED ENTRY--TOPICAL TERM | |
| Topical term or geographic name entry element | Survey of electronics |
| 9 (RLIN) | 102856 |
| 942 ## - ADDED ENTRY ELEMENTS (KOHA) | |
| Source of classification or shelving scheme | |
| Koha item type | Book |
| Withdrawn status | Lost status | Source of classification or shelving scheme | Damaged status | Not for loan | Permanent Location | Current Location | Shelving location | Date acquired | Full call number | Barcode | Date last seen | Price effective from | Koha item type | Public note |
|---|---|---|---|---|---|---|---|---|---|---|---|---|---|---|
| Military College of Signals (MCS) | Military College of Signals (MCS) | General Stacks | 12/12/2016 | 621.38,HER | MCS5365 | 12/08/2016 | 12/12/2016 | Book | Almirah No.30, Shelf No.5 |
